Gaming Quiz

Random Gaming or Video Games Quiz

Call of Duty: Modern Warfare 2 Maps Quiz Stats

 Plays Quiz Updated Oct 31, 2018

Score 0/16 Timer 04:00
2 Plays Today
Map % Correct
Rust
81.5%
Afghan
68.3%
Terminal
66.2%
Wasteland
62.9%
Highrise
60.5%
Favela
59.6%
Karachi
56.2%
Derail
56%
Map % Correct
Sub Base
49.7%
Estate
49.6%
Underpass
46.1%
Scrapyard
46.1%
Skidrow
43.2%
Rundown
43%
Invasion
41%
Quarry
38.6%

You're not logged in!

Compare scores with friends on all Sporcle quizzes.
OR
Log In

Sporcle TV

Today on Sporcle TV


Watch our educational content, quiz creation guides, and fun videos on Sporcle TV.

Show Comments

Extras

Top Quizzes Today


Score Distribution

Your Account Isn't Verified!

In order to create a playlist on Sporcle, you need to verify the email address you used during registration. Go to your Sporcle Settings to finish the process.

Report this User

Report this user for behavior that violates our Community Guidelines.

Details: